A graduate course in probability /

Guardado en:
Autor Principal: Tucker, Howard G.
Formato: Libro
Idioma:English
Publicado: New York : Academic Press, 1967.
Series:Probability and mathematical statistics ; 2.
Materias:
Etiquetas: Agregar Etiqueta
Sin Etiquetas, Sea el primero en etiquetar este registro!
LEADER 00737nam a22002175a 4500
001 MAT.inmabb005053
008 831215s1967####nyu######b####001#0#eng##
005 20130226163527.0
245 1 2 |a A graduate course in probability /  |c Howard G. Tucker. 
260 |a New York :  |b Academic Press,  |c 1967. 
300 |a xiii, 273 p. ;  |c 24 cm. 
490 1 |a Probability and mathematical statistics, a series of monographs and textbooks ;  |v 2 
504 |a Bibliografía: p. 270. 
510 4 |a MR,  |c 36 #4593 
100 1 |a Tucker, Howard G. 
830 0 |a Probability and mathematical statistics ;  |v 2. 
650 0 |a Probabilities. 
084 |a 60-01  |2 msc2000 
010 |a  66030820  
040 |a DLC/ICU  |c ICU  |d DLC 
859 |h 60  |i T891g  |p A-2583  |b BIB. MATEMATICA